000 01791nam a2200289Ia 4500
008 130821s1957 xxua gs spa
040 _aCo-BoUCM
_bspa
041 0 0 _aspa
092 _aDVD 0590
245 0 0 _aMi desconfiada esposa
_c[DVD]
_c[dirigida por] Vincente Minnelli
260 _aWashington D.C. (Estados Unidos)
_bMetro-Goldwyn-Mayer
_c1957
300 _a1 DVD
_bson., color
500 _aSINOPSIS : Gregory Peck es un periodista deportivo. Lauren Bacall, una diseñadora de moda de éxito. Ambos se casan tras una breve y torbellina relación, pero tras el romance inicial sus diferentes caracteres pronto se pondran de manifiesto en su convivencia matrimonial, al pertenecer a dos mundos diferentes. Divertida comedia romántica de la Metro que se benefició de un reparto lleno de glamour, de un simpático guión -ganador del Oscar- y de la siempre deliciosa dirección de Minelli. Atención a Mickey Shcaughnessy como el guardaespaldas de Peck.
508 _aDirector, Vincente Minnelli ; guión, George Wells ; música, André Previn ; fotografía, John Alton.
511 _aGregory Peck, Lauren Bacall, Dolores Gray, Tom Helmore, Mickey Shaughnessy, Edward Platt, Jack Cole, Chuck Connors, Sam Levene.
546 _aAudio en Español e Inglés. Subtítulos en Español.
650 0 4 _aComedia
_vDVD
_911176
650 0 4 _aEntretenimiento
_926487
650 0 4 _aPelículas cinematográficas
_zEstados Unidos
_vDVD
_97903
650 0 4 _aPeriodistas en el cine
_vDVD
_921369
650 0 4 _aRelaciones de pareja
_vDVD
_923439
700 1 _aMinnelli, Vincente
_d1903-1986
_edir.
710 2 _aMetro-Goldwyn-Mayer
765 _tDesigning woman
856 0 4 _uhttps://www.youtube.com/watch?v=kII7uNGz7lc
_zSiga este vínculo para ver el trailer.
942 _cMULTIMEDIA
_2LOCAL
_a5
_e1
999 _c63880
_d63880